| 000 | 00606nam a22001697a 4500 | ||
|---|---|---|---|
| 003 | NUST | ||
| 038 | _aNusrat Nadeem | ||
| 082 | _a200 | ||
| 100 |
_aGhaffar, Wajeeha _9124487 |
||
| 245 |
_aNature’s Influence: Investigating the Relationship between Nature Exposure and Pro-Environmental Behaviors in Islamabad, Pakistan/ _cWajeeha Ghaffar, |
||
| 264 |
_aIslamabad; _bS3H NUST; _c2024. |
||
| 300 |
_a124,p; _bill; _c30,cm. |
||
| 650 |
_aMS- Development Studies _9123041 |
||
| 700 |
_aSupervisor: Sheeba Tariq _9124488 |
||
| 856 | _u http://10.250.8.41:8080/xmlui/handle/123456789/44435 | ||
| 942 |
_2ddc _cSC |
||
| 999 |
_c610335 _d610335 |
||